| 000 -LEADER |
| fixed length control field |
01115nam a2200313 4500 |
| 001 - CONTROL NUMBER |
| control field |
21750 |
| 003 - CONTROL NUMBER IDENTIFIER |
| control field |
BD-DhUAP |
| 005 - DATE AND TIME OF LATEST TRANSACTION |
| control field |
20230611123418.0 |
| 008 - FIXED-LENGTH DATA ELEMENTS--GENERAL INFORMATION |
| fixed length control field |
230404b19611977ny a|||| |||| 001 0ceng d |
| 020 ## - INTERNATIONAL STANDARD BOOK NUMBER |
| International Standard Book Number |
0393091465 |
| 020 ## - INTERNATIONAL STANDARD BOOK NUMBER |
| International Standard Book Number |
9780393091465 |
| 040 ## - CATALOGING SOURCE |
| Original cataloging agency |
BD-DhUAP |
| Language of cataloging |
Eng |
| Transcribing agency |
BD-DhUAP |
| Modifying agency |
BD-DhUAP |
| 082 ## - DEWEY DECIMAL CLASSIFICATION NUMBER |
| Edition number |
23 |
| Classification number |
813.4 CLE |
| 100 ## - MAIN ENTRY--PERSONAL NAME |
| Personal name |
Clemens,Samuel Langhorne |
| 245 ## - TITLE STATEMENT |
| Title |
Adventures of Huckleberry Finn : |
| Remainder of title |
An authoritative text, backgrounds and sources, criticism / |
| Statement of responsibility, etc. |
Samuel Langhorne Clemens ; edited by Sculley Bradley, Richmond Croom Beatty, E. Hudson Long and Thomas Cooley. |
| 250 ## - EDITION STATEMENT |
| Edition statement |
2nd ed |
| 260 ## - PUBLICATION, DISTRIBUTION, ETC. |
| Place of publication, distribution, etc. |
New York : |
| Name of publisher, distributor, etc. |
Norton, |
| Date of publication, distribution, etc. |
c1977. |
| 300 ## - PHYSICAL DESCRIPTION |
| Extent |
xi, 452 p. ; |
| Dimensions |
22 cm. |
| 504 ## - BIBLIOGRAPHY, ETC. NOTE |
| Bibliography, etc. note |
Bibliography: p. 451-452. |
| 600 ## - SUBJECT ADDED ENTRY--PERSONAL NAME |
| Personal name |
Finn, Huckleberry |
| Title of a work |
Fictitious character |
| Form subdivision |
Fiction. |
| 650 ## - SUBJECT ADDED ENTRY--TOPICAL TERM |
| Topical term or geographic name entry element |
Runaway children |
| Form subdivision |
Fiction. |
| 650 ## - SUBJECT ADDED ENTRY--TOPICAL TERM |
| Topical term or geographic name entry element |
Male friendship |
| Form subdivision |
Fiction. |
| 650 ## - SUBJECT ADDED ENTRY--TOPICAL TERM |
| Topical term or geographic name entry element |
Boys |
| Form subdivision |
Fiction. |
| 700 ## - ADDED ENTRY--PERSONAL NAME |
| Personal name |
Bradley, Sculley, |
| Dates associated with a name |
1897- |
| 700 ## - ADDED ENTRY--PERSONAL NAME |
| Personal name |
Beatty, Richmond Croom, |
| Dates associated with a name |
1905-1961. |
| 700 ## - ADDED ENTRY--PERSONAL NAME |
| Personal name |
Long, E. Hudson |
| Dates associated with a name |
1908- |
| Fuller form of name |
(Eugene Hudson), |
| 700 ## - ADDED ENTRY--PERSONAL NAME |
| Personal name |
Cooley, Thomas, |
| Dates associated with a name |
1942- |
| 942 ## - ADDED ENTRY ELEMENTS (KOHA) |
| Source of classification or shelving scheme |
|
| Koha item type |
Book |